| 000 | 00842nam a2200241 a 4500 | ||
|---|---|---|---|
| 003 | MX-MxUPN | ||
| 005 | 20240701122636.0 | ||
| 008 | 020816s1917 mx r 000 0 spa d | ||
| 035 | _aUPN01000118257 | ||
| 040 |
_aMX-MxUPN _bspa _cMX-MxUPN |
||
| 041 | 0 | _aspa | |
| 050 | 4 |
_aLB1589 _bL3.48 1917 |
|
| 100 | 1 |
_aLaisant, C.-A. _q(Charles-Ange), _d1841-1920 _952587 |
|
| 245 | 1 | 0 | _aIniciación matemática |
| 250 | _a9a ed. | ||
| 260 |
_aMéxico : _bVda. de Ch. Bouret, _c1917. |
||
| 300 | _a159 páginas | ||
| 490 | 0 | _aColección de iniciaciones científicas | |
| 650 | 4 |
_aMatemáticas _xEstudio y enseñanza (Elemental) _92809 |
|
| 710 | 1 |
_aMéxico. _bSecretaría de Educación Pública. _bBiblioteca Pública _951349 _epropietario anterior |
|
| 710 | 2 |
_aMuseo Pedagógico Nacional (México) _951335 _epropietario anterior |
|
| 942 |
_2lcc _cLIBRO |
||
| 999 |
_c90635 _d90635 |
||